|
|
|
|
| LEADER |
01009nas a22002172a 4500 |
| 001 |
000207843 |
| 003 |
CZ BrMZK |
| 005 |
20250123171229.0 |
| 008 |
961001d19901991xr f cze d |
| 040 |
|
|
|a BOA001
|b cze
|
| 245 |
0 |
0 |
|a Moravské noviny :
|b Nezávislý list
|
| 260 |
|
|
|a Brno :
|b Atlantis,
|c 1990-1991
|
| 300 |
|
|
|a 16 s. ;
|c 315/465
|
| 310 |
|
|
|a 52x ročně (1x týdně)
|
| 362 |
0 |
|
|a Roč. 1, č. 1 (1990), 1990 - Roč. 2, č. 27 (1991), 1991
|
| 700 |
1 |
|
|a Voráč, Jiří,
|d 1965-
|7 jo2002106721
|
| 910 |
|
|
|a BOA001
|b Nov.-0961.195
|r 1990-91
|s 1-2
|
| 990 |
|
|
|a SE
|
| 996 |
6 |
|
|b 2610990401
|c Nov.-0961.195
|d 1990 1 1-52
|v 1
|y 1990
|l Stud. periodik/2.patro
|r Sklad / do 1 hodiny
|n 0
|p dar
|w 000207843
|u 000030
|a 1
|e BOA001
|j MZK50
|s P
|
| 996 |
6 |
|
|b 2619906996
|c Nov.-0961.195
|d 1990 1 1-52
|v 1
|y 1990
|l Stud. periodik/2.patro
|r Sklad / do 1 hodiny
|n 68
|w 000207843
|u 000010
|a 1
|e BOA001
|j MZK50
|s P
|
| 996 |
6 |
|
|b 2619908024
|c Nov.-0961.195
|d 1991 2
|v 2
|y 1991
|l Stud. periodik/2.patro
|r Sklad / do 1 hodiny
|n 34
|w 000207843
|u 000020
|a 1
|e BOA001
|j MZK50
|s P
|